[Event "Dundee & Angus op"]
[Site "Dundee"]
[Date "2011.10.15"]
[Round "3"]
[White "Payada, Dmitriy"]
[Black "McBride, John A"]
[Result "1-0"]
[WhiteElo "1944"]
[BlackElo "1752"]
[PlyCount "67"]
[EventDate "2011.10.14"]
[EventType "swiss"]
[EventRounds "5"]
[EventCountry "SCO"]
[SourceTitle "EXT 2017"]
[Source "ChessBase"]
[SourceDate "2016.10.25"]
[SourceVersion "1"]
[SourceVersionDate "2016.10.25"]
[SourceQuality "1"]

1. e4 e6 2. d4 d5 3. Nc3 dxe4 4. Nxe4 Bd7 5. Nf3 Bc6 6. Bd3 Nd7 7. Qe2 Ngf6 8. Ng3 Bd6 9. Bd2 Bxf3 10. Qxf3 c6 11. 0-0 Qc7 12. Rfe1 0-0 13. c3 Rfe8 14. Re2 Nf8 15. Rae1 Ng6 16. Bb1 Bf4 17. Bxg6 Bxd2 18. Bxf7+ Qxf7 19. Rxd2 Rad8 20. Rde2 Rd5 21. Re5 Rd6 22. Qe2 Kf8 23. h3 g6 24. Ne4 Nxe4 25. Qxe4 Qd7 26. Re3 Re7 27. Qh4 Kg7 28. Qg4 Qe8 29. h4 h5 30. Rxh5 Rd5 31. Rhe5 Rxe5 32. Rxe5 Kf8 33. h5 Kg7 34. hxg6 1-0

[Event "East Dunbartonshire op 1st"]
[Site "Dunbartonshire"]
[Date "2011.08.07"]
[Round "5"]
[White "Marks, Ian Alexander"]
[Black "McBride, John A"]
[Result "1-0"]
[WhiteElo "1908"]
[BlackElo "1858"]
[PlyCount "79"]
[EventDate "2011.08.06"]
[EventType "swiss"]
[EventRounds "5"]
[EventCountry "SCO"]
[SourceTitle "EXT 2023"]
[Source "ChessBase"]
[SourceDate "2022.10.05"]
[SourceVersion "1"]
[SourceVersionDate "2022.10.05"]
[SourceQuality "1"]

1. e4 e6 2. d4 d5 3. Nd2 dxe4 4. Nxe4 Bd7 5. Nf3 Bc6 6. Bd3 Nd7 7. 0-0 Ngf6 8. Ng3 Bxf3 9. Qxf3 c6 10. b3 Be7 11. Bb2 Qc7 12. c4 0-0 13. Rfe1 Rfe8 14. Ne4 Nf8 15. d5 Nxe4 16. Bxe4 Bb4 17. Rec1 f5 18. Bd3 g6 19. dxc6 bxc6 20. c5 e5 21. Bxf5 gxf5 22. Qxf5 Bd2 23. Rd1 Rad8 24. Rxd2 Rxd2 25. Qg5+ Ng6 26. Qxd2 Nf4 27. Rd1 Qg7 28. g3 Qg6 29. Kf1 Nd5 30. Qd3 e4 31. Qb1 Qf5 32. Kg1 Qf3 33. Rf1 Re6 34. Qd1 Qf5 35. Qd4 Rg6 36. Qh8+ Kf7 37. Qe5 Qf3 38. Re1 Rf6 39. Bd4 Nf4 40. Qxf6+ 1-0

[Event "East Dunbartonshire op 1st"]
[Site "Dunbartonshire"]
[Date "2011.08.06"]
[Round "2"]
[White "McBride, John A"]
[Black "Stewart, Alastair G"]
[Result "1-0"]
[WhiteElo "1858"]
[BlackElo "1648"]
[PlyCount "81"]
[EventDate "2011.08.06"]
[EventType "swiss"]
[EventRounds "5"]
[EventCountry "SCO"]
[SourceTitle "EXT 2023"]
[Source "ChessBase"]
[SourceDate "2022.10.05"]
[SourceVersion "1"]
[SourceVersionDate "2022.10.05"]
[SourceQuality "1"]

1. d4 d6 2. c4 g6 3. Nc3 Bg7 4. e4 e5 5. d5 Nd7 6. Be2 a5 7. g4 Nc5 8. h4 Nf6 9. f3 h5 10. g5 Nfd7 11. Be3 f6 12. Nh3 Nf8 13. Nf2 f5 14. Nd3 Nxd3+ 15. Bxd3 f4 16. Bf2 Bd7 17. c5 Nh7 18. cxd6 cxd6 19. Rc1 Rc8 20. Bb5 0-0 21. Qa4 Rf7 22. Kd2 Nf8 23. Bxd7 Nxd7 24. Nb5 Rxc1 25. Rxc1 Nb6 26. Qb3 Na8 27. Na7 Qd7 28. Qa3 a4 29. Nc8 Bf8 30. Rc4 b5 31. Rc6 Qh3 32. Ke2 Rc7 33. Rxc7 Nxc7 34. Na7 Qd7 35. Qc3 Kf7 36. Bb6 Na8 37. Bf2 Nc7 38. Qc6 Ke7 39. Bb6 Qxc6 40. dxc6 Kd8 41. Nxb5 1-0

[Event "Uxbridge e2e4 Autumn Challengers-E"]
[Site "Uxbridge"]
[Date "2010.08.11"]
[Round "1"]
[White "Bailey, Kevin J"]
[Black "McBride, John A"]
[Result "1/2-1/2"]
[WhiteElo "2047"]
[BlackElo "1858"]
[PlyCount "120"]
[EventDate "2010.08.11"]
[EventType "tourn"]
[EventRounds "9"]
[EventCountry "ENG"]
[SourceTitle "CBM 137 Extra"]
[Source "ChessBase"]
[SourceDate "2010.09.01"]
[SourceVersion "1"]
[SourceVersionDate "2010.09.01"]
[SourceQuality "1"]

1. d4 d5 2. c4 e6 3. Nc3 Nf6 4. cxd5 exd5 5. Bg5 Be7 6. e3 c6 7. Bd3 0-0 8. Qc2 Nbd7 9. Nf3 Re8 10. 0-0 Nf8 11. h3 Ne4 12. Bf4 Nxc3 13. bxc3 Bd6 14. Bxd6 Qxd6 15. c4 dxc4 16. Bxc4 Qf6 17. Ne5 Be6 18. Rab1 Re7 19. Rb2 Rc8 20. Bxe6 Qxe6 21. Nd3 Rcc7 22. Nc5 Qc8 23. Qa4 a6 24. Rfb1 g6 25. Qc2 Kg7 26. Qc3 Kh6 27. a4 b5 28. Qa5 Ra7 29. Rc1 Qe8 30. Rbc2 Ne6 31. Nd3 Nd8 32. Nc5 Rec7 33. Kf1 Qe7 34. Qb4 a5 35. Qb3 b4 36. Qd3 f5 37. Nb3 Qf6 38. Kg1 Rd7 39. Rc5 Qd6 40. Qc2 Ra6 41. Rxa5 Rda7 42. Rxa6 Rxa6 43. Nc5 Rb6 44. Rb1 Ne6 45. Qc4 Nc7 46. Rxb4 Rxb4 47. Qxb4 f4 48. Qd2 g5 49. e4 Kg6 50. Qd3 Kg7 51. Qc4 h5 52. e5 Qg6 53. Qd3 Qf7 54. Ne4 Qg6 55. Qe2 g4 56. hxg4 hxg4 57. Qd3 Ne6 58. Nc5 Nxd4 59. Qxd4 Qb1+ 60. Kh2 Qh7+ 1/2-1/2

[Event "Dundee & Angus op Challengers"]
[Site "Dundee"]
[Date "2009.10.17"]
[Round "2"]
[White "McBride, John A"]
[Black "Stewart, David"]
[Result "1-0"]
[WhiteElo "1769"]
[BlackElo "1620"]
[PlyCount "77"]
[EventDate "2009.10.16"]
[EventType "swiss"]
[EventRounds "5"]
[EventCountry "SCO"]
[SourceTitle "EXT 2017"]
[Source "ChessBase"]
[SourceDate "2016.10.25"]
[SourceVersion "1"]
[SourceVersionDate "2016.10.25"]
[SourceQuality "1"]

1. d4 Nf6 2. Nf3 e6 3. c4 b6 4. e3 Bb7 5. Bd3 c5 6. Nbd2 cxd4 7. exd4 Be7 8. b3 0-0 9. 0-0 d5 10. Bb2 Nc6 11. a3 Rc8 12. Rc1 dxc4 13. Nxc4 Qd5 14. Bb1 Rfd8 15. Qd3 Qh5 16. Rfe1 Nd5 17. Nfe5 Bf6 18. Qg3 Qg5 19. Nxc6 Qxg3 20. hxg3 Rxc6 21. Ne5 Rxc1 22. Rxc1 Rc8 23. Re1 Nc3 24. Bd3 Nd5 25. Bc4 h6 26. Ng4 Be7 27. Ne3 Rd8 28. Rc1 Bg5 29. Bxd5 Bxe3 30. Bxb7 Bxc1 31. Bxc1 Rxd4 32. Bf3 Rd3 33. b4 Kf8 34. Kf1 Rc3 35. Bf4 Rxa3 36. b5 Rb3 37. Bc6 f6 38. Bb8 Ra3 39. Bd6+ 1-0

[Event "SCO-ch"]
[Site "Edinburgh"]
[Date "2009.07.14"]
[Round "4"]
[White "McBride, John A"]
[Black "Fowler, David W"]
[Result "1/2-1/2"]
[WhiteElo "1828"]
[BlackElo "1752"]
[PlyCount "115"]
[EventDate "2009.07.11"]
[EventType "swiss"]
[EventRounds "9"]
[EventCountry "SCO"]
[SourceTitle "CBM 131 Extra"]
[Source "ChessBase"]
[SourceDate "2009.09.03"]
[SourceVersion "2"]
[SourceVersionDate "2009.09.16"]
[SourceQuality "1"]

1. d4 d5 2. Nf3 c5 3. c4 e6 4. cxd5 exd5 5. Nc3 cxd4 6. Qxd4 Nf6 7. Bg5 Be7 8. e3 0-0 9. Bb5 a6 10. Ba4 b5 11. Bb3 Nc6 12. Qd2 Ne4 13. Bxe7 Nxd2 14. Bxd8 Nxb3 15. axb3 Rxd8 16. Nxb5 Bg4 17. Nbd4 Bxf3 18. Nxf3 d4 19. 0-0 dxe3 20. fxe3 f6 21. Rfc1 Nb4 22. Rc4 Nd3 23. Nd4 Re8 24. Nc2 Nxb2 25. Rc3 Rac8 26. Rxc8 Rxc8 27. Nb4 Rc3 28. Nxa6 Rxb3 29. Rb1 Ra3 30. Nc5 Nc4 31. Rb8+ Kf7 32. Rb7+ Kg6 33. e4 Nd6 34. Rd7 Rc3 35. e5 Rxc5 36. exd6 Rd5 37. g4 Rg5 38. h3 h5 39. Rc7 hxg4 40. hxg4 Rxg4+ 41. Kf2 Rd4 42. d7 Kf5 43. Ke3 Rd5 44. d8Q Rxd8 45. Rxg7 Ra8 46. Kf3 Ra3+ 47. Kf2 Kf4 48. Rg6 f5 49. Rh6 Ra2+ 50. Kf1 Kg3 51. Rg6+ Kf3 52. Kg1 f4 53. Rh6 Ra1+ 54. Kh2 Kf2 55. Rb6 f3 56. Rb2+ Ke3 57. Rb3+ Ke2 58. Rb2+ 1/2-1/2

[Event "SCO-ch"]
[Site "Edinburgh"]
[Date "2009.07.13"]
[Round "3"]
[White "Campbell, Eoin S"]
[Black "McBride, John A"]
[Result "1-0"]
[WhiteElo "1908"]
[BlackElo "1828"]
[PlyCount "65"]
[EventDate "2009.07.11"]
[EventType "swiss"]
[EventRounds "9"]
[EventCountry "SCO"]
[SourceTitle "CBM 131 Extra"]
[Source "ChessBase"]
[SourceDate "2009.09.03"]
[SourceVersion "2"]
[SourceVersionDate "2009.09.16"]
[SourceQuality "1"]

1. Nf3 d5 2. c4 c6 3. e3 Nf6 4. Nc3 e6 5. b3 Nbd7 6. Bb2 Be7 7. Qc2 0-0 8. Be2 Re8 9. Rg1 Nf8 10. g4 N6d7 11. g5 f5 12. gxf6 Bxf6 13. 0-0-0 Ng6 14. h4 Bxh4 15. Nxh4 Qxh4 16. Rh1 Qe7 17. Rxh7 Kxh7 18. Rh1+ Kg8 19. Qxg6 Nf6 20. Nxd5 cxd5 21. Bxf6 Qf7 22. Qh7+ Kf8 23. Qh8+ Qg8 24. Bxg7+ Ke7 25. Qh4+ Kd7 26. Qd4 Re7 27. Bf6 Rh7 28. Rxh7+ Qxh7 29. cxd5 Qh1+ 30. Kb2 Qxd5 31. Bb5+ Kd6 32. Be5+ Ke7 33. Qh4+ 1-0

[Event "Edinburg CC op 1st"]
[Site "Edinburgh"]
[Date "2009.05.23"]
[Round "1"]
[White "Greet, Andrew"]
[Black "McBride, John A"]
[Result "1-0"]
[WhiteElo "2431"]
[BlackElo "1803"]
[PlyCount "81"]
[EventDate "2009.05.23"]
[EventType "swiss"]
[EventRounds "8"]
[EventCountry "SCO"]
[SourceTitle "CBM 130 Extra"]
[Source "ChessBase"]
[SourceDate "2009.07.02"]
[SourceVersion "2"]
[SourceVersionDate "2009.07.15"]
[SourceQuality "1"]

1. d4 d5 2. c4 e6 3. Nf3 Nf6 4. g3 c6 5. Bg2 Be7 6. 0-0 Nbd7 7. Qc2 0-0 8. Nbd2 Re8 9. b3 Nf8 10. Bb2 Bd7 11. e4 Nxe4 12. Nxe4 dxe4 13. Qxe4 Bf6 14. Rfd1 Qc7 15. Ne5 Rad8 16. h4 Bc8 17. b4 Bxe5 18. Qxe5 Qe7 19. d5 f6 20. d6 fxe5 21. dxe7 Rxd1+ 22. Rxd1 Rxe7 23. Rd8 Bd7 24. Ra8 a6 25. Bxe5 Re8 26. Ra7 Bc8 27. Bxc6 Rd8 28. Bf3 Nd7 29. Bc7 Rf8 30. Bxb7 Bxb7 31. Rxb7 Nf6 32. c5 Ne4 33. Bd6 Nxd6 34. cxd6 Rd8 35. Rb6 a5 36. bxa5 Kf8 37. a6 Ke8 38. a7 Kf7 39. Rb8 Rxd6 40. a8Q Rd1+ 41. Kg2 1-0

[Event "SCO-ch 115th"]
[Site "Glasgow"]
[Date "2008.06.11"]
[Round "7"]
[White "Marks, Ian Alexander"]
[Black "McBride, John A"]
[Result "1-0"]
[WhiteElo "1899"]
[BlackElo "1812"]
[PlyCount "61"]
[EventDate "2008.06.05"]
[EventType "swiss"]
[EventRounds "9"]
[EventCountry "SCO"]
[SourceTitle "EXT 2009"]
[Source "ChessBase"]
[SourceDate "2008.11.26"]
[SourceVersion "1"]
[SourceVersionDate "2008.11.26"]
[SourceQuality "1"]

1. e4 e6 2. d4 d5 3. Nd2 dxe4 4. Nxe4 Bd7 5. Nf3 Bc6 6. Bd3 Nd7 7. 0-0 Ngf6 8. Ng3 Be7 9. Re1 Bxf3 10. Qxf3 c6 11. c4 0-0 12. b3 Bb4 13. Re3 Re8 14. Bb2 Qc7 15. Rd1 Rad8 16. Bb1 Bd6 17. Rde1 Bf4 18. R3e2 Qb8 19. Nh5 Nxh5 20. Qxh5 Nf6 21. Qh4 h6 22. g3 Bg5 23. Qh3 Nh7 24. Qg4 Bf6 25. h4 b5 26. Qe4 Nf8 27. Qxc6 Bxd4 28. Bxd4 Rxd4 29. Qxb5 Qd6 30. Qxe8 Rd1 31. Qa8 1-0

[Event "SCO-ch 115th"]
[Site "Glasgow"]
[Date "2008.06.10"]
[Round "6"]
[White "Mason, Ian C"]
[Black "McBride, John A"]
[Result "0-1"]
[WhiteElo "1927"]
[BlackElo "1812"]
[PlyCount "164"]
[EventDate "2008.06.05"]
[EventType "swiss"]
[EventRounds "9"]
[EventCountry "SCO"]
[SourceTitle "EXT 2009"]
[Source "ChessBase"]
[SourceDate "2008.11.26"]
[SourceVersion "1"]
[SourceVersionDate "2008.11.26"]
[SourceQuality "1"]

1. e4 e6 2. d4 d5 3. Nc3 dxe4 4. Nxe4 Bd7 5. Nf3 Bc6 6. Bd3 Nd7 7. Qe2 Ngf6 8. Nxf6+ Nxf6 9. Bb5 Qd5 10. Bxc6+ Qxc6 11. 0-0 Be7 12. Re1 0-0 13. Ne5 Qd5 14. Be3 c6 15. c4 Qa5 16. Bd2 Bb4 17. Bxb4 Qxb4 18. Rac1 Rad8 19. Red1 Qb6 20. c5 Qc7 21. Qf3 Rd5 22. Rd3 Rfd8 23. Rcd1 Qa5 24. a3 Rxd4 25. Rxd4 Rxd4 26. b4 Qd8 27. Rc1 Qd5 28. Qxd5 Rxd5 29. Nc4 Ne8 30. Na5 Rd7 31. Kf1 Kf8 32. Ke2 Nf6 33. f3 Nd5 34. g3 Ke7 35. Rc4 Rc7 36. Rc2 Kd7 37. Nc4 f6 38. f4 Rc8 39. Kd3 b6 40. Nd6 Rb8 41. Ne4 f5 42. Ng5 a5 43. bxa5 bxa5 44. Nxh7 Rb3+ 45. Kd2 Ke7 46. Ng5 Rxa3 47. Ke2 Nc3+ 48. Kf1 Ra1+ 49. Kg2 Ra2 50. Rxa2 Nxa2 51. Nf3 Kd7 52. Nd4 Nc1 53. Kf3 Nd3 54. g4 fxg4+ 55. Kxg4 Nxc5 56. Kg5 a4 57. Nc2 Nd3 58. h4 Ke7 59. h5 Kf7 60. Na3 Nb2 61. Nc2 c5 62. Na3 c4 63. Nc2 c3 64. Na3 Nd1 65. Nc2 Nf2 66. Na3 Ne4+ 67. Kg4 Kf6 68. Nc2 Nf2+ 69. Kf3 Nd3 70. Ke4 Nf2+ 71. Kf3 Nd1 72. Ke4 Ke7 73. Kd4 Kd6 74. Na3 Kc6 75. Nc2 Kb5 76. Kd3 Kc5 77. Nd4 a3 78. Nxe6+ Kb4 79. Nd4 a2 80. f5 Nf2+ 81. Ke2 Ng4 82. Kd3 Ka3 0-1

[Event "Oban op"]
[Site "Oban"]
[Date "2007.12.02"]
[Round "5"]
[White "McBride, John A"]
[Black "Ferry, Edward"]
[Result "0-1"]
[WhiteElo "1743"]
[BlackElo "1924"]
[PlyCount "134"]
[EventDate "2007.11.30"]
[EventType "swiss"]
[EventRounds "5"]
[EventCountry "SCO"]
[SourceTitle "EXT 2023"]
[Source "ChessBase"]
[SourceDate "2022.10.05"]
[SourceVersion "1"]
[SourceVersionDate "2022.10.05"]
[SourceQuality "1"]

1. d4 d5 2. c4 c6 3. Nf3 Nf6 4. Nc3 e6 5. e3 Nbd7 6. Bd3 dxc4 7. Bxc4 b5 8. Bd3 Bb7 9. 0-0 a6 10. h3 c5 11. a4 b4 12. Ne2 Rc8 13. b3 Be7 14. Ng3 0-0 15. Qe2 a5 16. Rd1 Qb6 17. Bb2 Bd5 18. Nd2 cxd4 19. Bxd4 Bc5 20. Nc4 Bxc4 21. Bxc4 Bxd4 22. Rxd4 Nc5 23. Nh5 Nce4 24. Nxf6+ Nxf6 25. Rad1 Rfd8 26. Qd3 Rxd4 27. Qxd4 Qxd4 28. Rxd4 Kf8 29. f3 Ke7 30. Kf2 Rd8 31. Rxd8 Kxd8 32. e4 Kc7 33. Ke3 Kd6 34. f4 Nd7 35. e5+ Kc5 36. Bb5 Nb6 37. Be8 Nd5+ 38. Ke4 f5+ 39. Kf3 Nc7 40. Bf7 Kd4 41. g4 g6 42. Bg8 h5 43. Bf7 hxg4+ 44. hxg4 fxg4+ 45. Kxg4 Kc3 46. Kg5 Kxb3 47. Kxg6 Kxa4 48. Bxe6 Nxe6 49. f5 Nc7 50. f6 b3 51. f7 b2 52. f8Q b1Q+ 53. Kh5 Qh1+ 54. Kg4 Qg2+ 55. Kh5 Qh3+ 56. Kg6 Qg4+ 57. Kh6 Qg5+ 58. Kxg5 Ne6+ 59. Kf6 Nxf8 60. Kf7 Nd7 61. e6 Ne5+ 62. Ke7 Kb4 63. Kd6 Ng6 64. Kd5 a4 65. Ke4 a3 66. Kf5 Ne7+ 67. Kf6 Nc6 0-1

[Event "Oban op"]
[Site "Oban"]
[Date "2007.12.01"]
[Round "3"]
[White "McBride, John A"]
[Black "Nisbet, Alex Ian"]
[Result "0-1"]
[WhiteElo "1763"]
[BlackElo "1886"]
[PlyCount "66"]
[EventDate "2007.11.30"]
[EventType "swiss"]
[EventRounds "5"]
[EventCountry "SCO"]
[SourceTitle "EXT 2023"]
[Source "ChessBase"]
[SourceDate "2022.10.05"]
[SourceVersion "1"]
[SourceVersionDate "2022.10.05"]
[SourceQuality "1"]

1. d4 Nf6 2. Nf3 d5 3. c4 c6 4. cxd5 cxd5 5. Nc3 Nc6 6. e3 e6 7. a3 Bd6 8. Bd3 0-0 9. 0-0 e5 10. dxe5 Nxe5 11. Nxe5 Bxe5 12. Be2 Qc7 13. Nxd5 Nxd5 14. Qxd5 Be6 15. Qe4 Bxh2+ 16. Kh1 Be5 17. f4 Bf6 18. f5 Bd7 19. Qg4 Rfe8 20. e4 Qc2 21. Bf3 Bb5 22. Re1 Kh8 23. Bg5 Be5 24. Bf4 f6 25. Rec1 Qb3 26. Bxe5 Rxe5 27. Rc7 Rg8 28. Rac1 Bc6 29. Qh5 Qb6 30. Qf7 Qxb2 31. Rd1 Ree8 32. Rd6 Qa1+ 33. Kh2 Qe5+ 0-1

[Event "Monarch Assurance U175 15th"]
[Site "Port Erin"]
[Date "2006.09.27"]
[Round "3"]
[White "McBride, John A"]
[Black "Smith, Paul S"]
[Result "1/2-1/2"]
[WhiteElo "1680"]
[BlackElo "1640"]
[PlyCount "75"]
[EventDate "2006.09.25"]
[EventType "swiss"]
[EventRounds "7"]
[EventCountry "IOM"]
[SourceTitle "EXT 2008"]
[Source "ChessBase"]
[SourceDate "2007.11.25"]
[SourceVersion "1"]
[SourceVersionDate "2007.11.25"]
[SourceQuality "1"]

1. d4 Nf6 2. c4 e6 3. Nc3 d5 4. Nf3 Nbd7 5. Bg5 Be7 6. Qc2 c6 7. e3 h6 8. Bh4 0-0 9. a3 a5 10. cxd5 exd5 11. Bd3 Ne8 12. Bg3 Ndf6 13. 0-0 Nh5 14. Ne5 Nxg3 15. hxg3 Bd6 16. f4 Bxe5 17. dxe5 Qe7 18. Rae1 f6 19. exf6 Nxf6 20. e4 Qc5+ 21. Qf2 Qxf2+ 22. Rxf2 dxe4 23. Nxe4 Nxe4 24. Rxe4 Bf5 25. Bc4+ Kh8 26. Re1 b5 27. Be6 Bxe6 28. Rxe6 Rac8 29. Rc2 Rf6 30. Re7 a4 31. Rd2 Kh7 32. Rdd7 Rg8 33. Kf2 h5 34. Re5 Kh6 35. Rc7 Rd8 36. Re2 Rg6 37. Rc2 Rdd6 38. Rc1 1/2-1/2